Competitividad regional y reconcentración industrial : el futuro de las desigualdades regionales en Brasil /

La industria tradicionalmente ha mostrado una alta concentración en Brasil, pero una tendencia hacia la desconcentración se manifestó a partir de 1970. Datos recientes muestran los importantes cambios que se han producido en este país, exhibiéndose un retroceso en la tendencia anterior. En este trab...

Full description

Bibliographic Details
Main Author: Azzoni, Carlos Roberto
Other Authors: Ferreira, Dirceu Alves
Format: Analitica de revista
Language:Spanish

MARC

LEADER 00000cab a2200000 a 4500
001 033031
003 UAHC_CL
005 20170803123602.0
008 050722b xx j 000 1 spa
040 |a UAHC_CL  |c UAHC_CL  |d UAHC_CL 
100 1 |a Azzoni, Carlos Roberto 
245 1 0 |a Competitividad regional y reconcentración industrial :  |b el futuro de las desigualdades regionales en Brasil /  |c Carlos Roberto Azzoni, Dirceu Alves Ferreira. 
500 |a EURE (Santiago), dic. 1998, vol.24, no.73, p.81-111. 
520 |a La industria tradicionalmente ha mostrado una alta concentración en Brasil, pero una tendencia hacia la desconcentración se manifestó a partir de 1970. Datos recientes muestran los importantes cambios que se han producido en este país, exhibiéndose un retroceso en la tendencia anterior. En este trabajo se presenta una medida de competitividad para diferentes regiones aplicando el modelo de salario de eficiencia de Kaldor. Se analizaron una serie de datos sobre manufacturas para las regiones con base en la actualización del censo industrial de 1985. Basados en estos datos, se calcularon indicadores comparativos de productividad del trabajo, salarios y ganancia para sectores manufactureros de dos digitos. Los resultados indican un cambio en la tendencia de competitividad regional, manteniendo el principal sector industrial del país su ventaja relativa desde 1985 en adelante. En las conclusiones se sugiere que este retroceso en la tendencia hacia la desconcentración industrial apunta a la mantención de desigualdades regionales en Brasil en el futuro próximo. Finalmente son discutidos algunos factores explicativos sobre este proceso 
520 |a La industria tradicionalmente ha mostrado una alta concentración en Brasil, pero una tendencia hacia la desconcentración se manifestó a partir de 1970. Datos recientes muestran los importantes cambios que se han producido en este país, exhibiéndose un retroceso en la tendencia anterior. En este trabajo se presenta una medida de competitividad para diferentes regiones aplicando el modelo de salario de eficiencia de Kaldor. Se analizaron una serie de datos sobre manufacturas para las regiones con base en la actualización del censo industrial de 1985. Basados en estos datos, se calcularon indicadores comparativos de productividad del trabajo, salarios y ganancia para sectores manufactureros de dos digitos. Los resultados indican un cambio en la tendencia de competitividad regional, manteniendo el principal sector industrial del país su ventaja relativa desde 1985 en adelante. En las conclusiones se sugiere que este retroceso en la tendencia hacia la desconcentración industrial apunta a la mantención de desigualdades regionales en Brasil en el futuro próximo. Finalmente son discutidos algunos factores explicativos sobre este proceso 
700 1 |a Ferreira, Dirceu Alves 
759 |a PP072 
773 0 |t EURE  |w 032794 
900 |a EURE-73/98 
942 |c REVA 
952 |0 0  |1 0  |4 0  |6 EURE_73_98_000000000000000  |7 0  |8 General  |9 63520  |a BC  |b BC  |c General  |d 2017-08-03  |l 0  |o EURE-73/98  |p FICTICIO3781  |r 2019-01-08 00:00:00  |t 1  |w 2017-08-03  |y REVA 
999 |c 33031  |d 33031